Quiz o roku 2012 - Statystyki

Ogólne statystyki
  • Ten quiz został rozwiązany 24 razy
  • Średni wynik to 10 z 20
Statystyki odpowiedzi
Podpowiedź Odpowiedź % Poprawnych
Charakterystyczny biało-czerwony stadion otwarty na potrzeby Euro 2012 Stadion Narodowy
100%
Polska noblistka zmarła w lutym 2012 Wisława Szymborska
90%
Z tego kraju pochodzi PSY, pierwszy piosenkarz zdobywający 1 miliard wyświetleń pod teledyskiem na YouTube. Korea Południowa
85%
Według przepowiedni tego starożytnego ludu 21 grudnia miał nastąpić koniec świata Majowie
75%
Jamajski lekkoatleta, który na olimpiadzie w Londynie pobił rekord na 100 metrów. Usain Bolt
75%
Program rządowo-samorządowy, dzięki któremu na terenie Polski przez pięć lat powstało aż 2600 nowych boisk piłkarskich. Orlik 2012
70%
Bramkarz reprezentacji Polski, który po wejściu z ławki obronił karnego w meczu z Grecją Przemysław Tytoń
65%
Ta firma oferująca m.in. złota inwestycyjne została w 2012 zamknięcia w związku z zarzutami o stworzenie piramidy finansowej. Amber Gold
60%
Zespół folkowy, którego utwór został nieoficjalnym hymnem Polski na czas tych mistrzostw Jarzębina
55%
Nazwa kontrowersyjnej umowy handlowej dot. praw autorskich, będącej przyczyną wielu protestów w obawie o cenzurę w sieci (po podpisaniu jej przez Unię Europejską). ACTA
45%
Kultowy bohater serialu Klan, który zmarł na własne życzenie w odcinku 2235., znany z tekstu "dzieci, umyjcie rączki" Ryszard Lubicz
45%
System operacyjny Microsoftu wypuszczony w październiku, mimo przystosowania do urządzeń mobilnych był uznawany za jeden z najgorszych. Windows 8
45%
Program prowadzony przez Małgorzatę Rozenek, mimo sporej oglądalności zarzucano mu ogłupianie widzów i rosnącą sztuczność w telewizji. Perfekcyjna pani domu
35%
Tytuł filmu fabularnego przedstawiającego historię zespołu Paktofonika Jesteś Bogiem
30%
Ten słynny kolarz został w sierpniu 2012 dożywotnio zdyskwalifikowany za stosowanie dopingu. Lance Armstrong
30%
Projekt YouTubowy twórców serialu "Klatka B" oraz kanału "BaśkaBlog", mający na celu ukazanie skali hejtu w polskim internecie. Grażyna Żarko / Gr@żyna
20%
Pierwsza czarnoskóra artystka znana powszechnie dzięki MTV, zmarła w lutym tego roku Whitney Houston
20%
Gatunek muzyki elektronicznej z Wielkiej Brytanii, który święcił triumfy w okolicach 2012 roku, jednym z jego głównych przedstawicieli był Skrillex Dubstep
15%
Serial komediowy emitowany w TVP2, mający początkowo zastąpić "Rodzinkę.pl", lecz z powodu mniejszej oglądalności został zakończony jeszcze w tym samym roku. Ja to mam szczęście!
10%
Kontrkandydat Baracka Obamy z partii Republikańskiej w wyborach na prezydenta Stanów Zjednoczonych w 2012 roku. Mitt Romney
10%
Nie znaleziono quizów pasujących do podanych kryteriów
Rozkład punktacji
Procent ludzi z każdym wynikiem
Percentyl według liczby udzielonych odpowiedzi
Twoja historia wyników
Nie rozwiązałeś tego quizu